[Event "FRA-chT2 0405"]
[Site "France"]
[Date "2004.10.10"]
[Round "1.9"]
[White "Mourgues, Joelle"]
[Black "Dahrous, Fadi"]
[Result "0-1"]
[WhiteElo "1730"]
[BlackElo "1940"]
[PlyCount "87"]
[EventDate "2004.10.10"]
[EventType "team"]
[EventRounds "11"]
[EventCountry "FRA"]
[SourceTitle "EXT 2006"]
[Source "ChessBase"]
[SourceDate "2005.11.24"]
[SourceVersion "1"]
[SourceVersionDate "2005.11.24"]
[SourceQuality "1"]
[WhiteTeam "Saint Affrique"]
[BlackTeam "Montpellier  II"]
[WhiteTeamCountry "FRA"]
[BlackTeamCountry "FRA"]

1. Nf3 c5 2. g3 e6 3. d3 Nf6 4. Bg2 Be7 5. 0-0 0-0 6. e4 Nc6 7. c3 e5 8. Nbd2 b5 9. Qe2 a6 10. Re1 Bb7 11. Nf1 h6 12. Ne3 Re8 13. Nd5 Bf8 14. Nh4 Bc8 15. h3 d6 16. Ne3 g6 17. a4 b4 18. Nd5 a5 19. Bd2 Nxd5 20. exd5 Ne7 21. Be3 Rb8 22. Nf3 Nxd5 23. Bd2 Nf6 24. Nh2 Bd7 25. Ng4 Nxg4 26. hxg4 Qc8 27. Bf3 Bc6 28. Be4 Bxe4 29. dxe4 Qe6 30. c4 Be7 31. Bxh6 g5 32. Kg2 Qxh6 33. Rh1 Qe6 34. Rh5 Bf6 35. Rah1 Kf8 36. b3 Ke7 37. f4 gxf4 38. gxf4 exf4 39. Rf1 Bd4 40. Rf5 Rh8 41. Qf3 Rbg8 42. g5 Qh6 43. Qg4 Qh2+ 44. Kf3 0-1